El hombre y la gente / (Record no. 112343)

MARC details
000 -LEADER
campo de control de longitud fija 00903nam a2200265 i 4500
001 - NÚMERO DE CONTROL
campo de control 112343
003 - IDENTIFICADOR DE NÚMERO DE CONTROL
campo de control ES-MaACL
005 - FECHA Y HORA DE LA ÚLTIMA TRANSACCIÓN
campo de control 20231229062527.0
007 - CAMPO FIJO DE DESCRIPCIÓN FÍSICA--INFORMACIÓN GENERAL
campo de control de longitud fija t|
008 - DATOS DE LONGITUD FIJA--INFORMACIÓN GENERAL
campo de control de longitud fija 170704s1981 sp r ||||1| spa d
080 ## - NÚMERO DE LA CLASIFICACIÓN DECIMAL UNIVERSAL
Número de la Clasificación Decimal Universal 84-206-4108-1
100 1# - ENTRADA PRINCIPAL--NOMBRE DE PERSONA
Nombre de persona Ortega y Gasset, José,
Fechas asociadas al nombre 1883-1955
9 (RLIN) 87503
245 13 - MENCIÓN DEL TÍTULO
Título El hombre y la gente /
Mención de responsabilidad, etc. Ortega y Gasset.
250 ## - MENCION DE EDICION
Mención de edición 2ª ed. en "Obras de José Ortega y Gasset" rev.
260 ## - PUBLICACIÓN, DISTRIBUCIÓN, ETC.
Lugar de publicación, distribución, etc. Madrid :
Nombre del editor, distribuidor, etc. Revista de Occidente en Alianza Editorial,
Fecha de publicación, distribución, etc. 1981.
300 ## - DESCRIPCIÓN FÍSICA
Extensión 287 p. ;
Dimensiones 18 cm.
490 1# - MENCIÓN DE SERIE
Mención de serie Obras de José Ortega y Gasset ;
Designación de volumen o secuencia 8
598 ## - NOTA LOCAL
Nota local Colección editada por Paulino Garagorri.
650 04 - PUNTO DE ACCESO ADICIONAL DE MATERIA--TÉRMINO DE MATERIA
Término de materia o nombre geográfico como elemento de entrada Yo (Filosofía)
9 (RLIN) 17858
650 04 - PUNTO DE ACCESO ADICIONAL DE MATERIA--TÉRMINO DE MATERIA
Término de materia o nombre geográfico como elemento de entrada Individuo y sociedad.
9 (RLIN) 178816
700 1# - ENTRADA AGREGADA--NOMBRE PERSONAL
Nombre de persona Garagorri, Paulino,
Fechas asociadas al nombre 1916-2007
9 (RLIN) 53911
830 0# - PUNTO DE ACCESO ADICIONAL DE SERIE-TÍTULO UNIFORME
Título uniforme Obras de José Ortega y Gasset ;
Designación de volumen o secuencia 8
9 (RLIN) 181562
852 ## - LOCALIZACIÓN
Ubicación ES-MaACL
Número de control de estantería L-31806
Holdings
Estatus retirado Estado de pérdida Estado de daño No para préstamo Biblioteca de origen Biblioteca actual Ubicación en estantería Fecha de adquisición Fuente de adquisición Total de préstamos Signatura topográfica completa Código de barras Visto por última vez Precio de reemplazo Tipo de ítem Koha
        Biblioteca del Ateneo de Madrid Biblioteca del Ateneo de Madrid Depósito 2 04/07/2017     L-31806 1197849 23/02/2023 23/02/2023 Libro impreso